[Event "Memoria? Zamenhofa"]
[Site "Bialystok"]
[Date "2024.12.28"]
[Round "3.23"]
[White "Jasiulewicz, Dawid"]
[Black "Moczulski, Michal"]
[Result "0-1"]
[WhiteElo "2174"]
[BlackElo "1977"]
[PlyCount "84"]
[EventDate "2024.??.??"]

1. d4 Nf6 2. Nf3 e6 3. c4 b6 4. g3 Bb4+ 5. Bd2 a5 6. Bg2 Bb7 7. O-O O-O 8. a3
Bxd2 9. Qxd2 d6 10. Qd3 Nbd7 11. Nc3 Re8 12. e4 e5 13. Rfe1 exd4 14. Nxd4 Nc5
15. Qc2 a4 16. Rad1 Qe7 17. e5 dxe5 18. Bxb7 Nxb7 19. Nxa4 Qd7 20. Nb5 Qc6 21.
b3 e4 22. b4 Ng4 23. Rd5 Qh6 24. h4 c6 25. Nxb6 cxd5 26. Nxa8 Rxa8 27. cxd5 Qb6
28. Rxe4 Nxf2 29. Qxf2 Qxb5 30. Qe2 Qb6+ 31. Kh2 Nd6 32. Re7 Qd8 33. Re3 h6 34.
Rc3 Qf6 35. Qd3 Qf2+ 36. Kh3 Qe1 37. Qf3 Re8 38. a4 Qg1 39. b5 Ne4 40. Rc2 Qd4
41. Qf5 Qd3 42. Rg2 Ng5+ 0-1

[Event "Memoria? Zamenhofa"]
[Site "Bialystok"]
[Date "2024.12.28"]
[Round "3.24"]
[White "Terkiewicz, Bruno"]
[Black "Ryszkiewicz, Adam"]
[Result "1-0"]
[WhiteElo "2159"]
[BlackElo "1982"]
[PlyCount "57"]
[EventDate "2024.??.??"]

1. d4 Nf6 2. c4 e6 3. g3 d5 4. Bg2 Be7 5. Nf3 O-O 6. O-O c6 7. Nc3 Nbd7 8. Qd3
b6 9. e4 Bb7 10. Nd2 dxe4 11. Ndxe4 e5 12. Rd1 exd4 13. Qxd4 Nc5 14. Qe5 Qe8
15. Bf4 Nfxe4 16. Nxe4 f6 17. Qc3 Nxe4 18. Bxe4 f5 19. Bf3 Bf6 20. Qc2 g6 21.
Rd2 Qf7 22. Rad1 Rfd8 23. Rxd8+ Bxd8 24. Be5 Bc7 25. Bc3 a5 26. Qa4 Qe6 27. Re1
Qd7 28. c5 bxc5 29. Qb3+ 1-0

[Event "Memoria? Zamenhofa"]
[Site "Bialystok"]
[Date "2024.12.28"]
[Round "3.26"]
[White "Praczukowski, Stanislaw"]
[Black "Korszanski, Stanislaw"]
[Result "1/2-1/2"]
[WhiteElo "2130"]
[BlackElo "1955"]
[PlyCount "68"]
[EventDate "2024.??.??"]

1. e4 e5 2. Nf3 Nc6 3. Bb5 a6 4. Ba4 d6 5. c4 Bd7 6. Nc3 g6 7. d3 Bg7 8. Be3
Nge7 9. O-O O-O 10. h3 f5 11. Nd5 h6 12. Nxe7+ Qxe7 13. exf5 Bxf5 14. Bxc6 bxc6
15. d4 Be4 16. Nh2 h5 17. Re1 Rab8 18. Qd2 Bf5 19. b3 Rbe8 20. Bh6 Bxh6 21.
Qxh6 Qf6 22. dxe5 Rxe5 23. Rxe5 Qxe5 24. Rd1 Qe2 25. Qd2 Re8 26. Nf3 c5 27. Kh2
a5 28. h4 Bg4 29. Qh6 Bxf3 30. Qxg6+ Kf8 31. Qf6+ Kg8 32. Qg6+ Kf8 33. Qf6+ Kg8
34. Qg6+ Kh8 1/2-1/2

[Event "Memoria? Zamenhofa"]
[Site "Bialystok"]
[Date "2024.12.28"]
[Round "3.27"]
[White "Suska, Szymon"]
[Black "Stepinski, Piotr"]
[Result "1-0"]
[WhiteElo "2050"]
[BlackElo "2184"]
[PlyCount "97"]
[EventDate "2024.??.??"]

1. d4 d6 2. Bf4 g6 3. Nc3 Bg7 4. Nf3 Nd7 5. e4 e5 6. Bg5 Ngf6 7. Nxe5 dxe5 8.
dxe5 Nxe5 9. Qxd8+ Kxd8 10. Nd5 Neg4 11. e5 Nxe5 12. Nxf6 Bf5 13. O-O-O+ Kc8
14. Nd5 Be6 15. h3 c6 16. Ne3 f6 17. Bf4 Rd8 18. Rxd8+ Kxd8 19. Bxe5 fxe5 20.
Bc4 Bd7 21. Kd2 Ke7 22. Ke2 Rf8 23. c3 Bh6 24. h4 Bxe3 25. Kxe3 h6 26. Bd3 Rf6
27. f3 Bf5 28. h5 Bxd3 29. Kxd3 g5 30. Ke4 Rd6 31. Kxe5 Rd2 32. Kf5 Kf7 33. a4
a5 34. g3 Rxb2 35. Rd1 Rf2 36. Rd7+ Ke8 37. Rxb7 Rxf3+ 38. Kg6 Rxc3 39. Kxh6
Rxg3 40. Kg7 Rg4 41. h6 Rxa4 42. h7 Rh4 43. Rc7 g4 44. Rxc6 g3 45. Rg6 Rh3 46.
h8=Q+ Rxh8 47. Kxh8 Kd7 48. Rxg3 Kc6 49. Rg5 1-0

[Event "Memoria? Zamenhofa"]
[Site "Bialystok"]
[Date "2024.12.28"]
[Round "3.28"]
[White "Madrawski, Krzysztof"]
[Black "Paprocki, Jaroslaw"]
[Result "1-0"]
[WhiteElo "2054"]
[BlackElo "2172"]
[PlyCount "75"]
[EventDate "2024.??.??"]

1. c4 e5 2. Nc3 Nf6 3. Nf3 Nc6 4. d3 d5 5. cxd5 Nxd5 6. e4 Nf6 7. h3 Bc5 8. Be2
h6 9. a3 a5 10. O-O O-O 11. Be3 Bxe3 12. fxe3 Re8 13. Qe1 Nh7 14. Qg3 Be6 15.
Rad1 Bb3 16. Rd2 Re6 17. d4 Rg6 18. Qe1 exd4 19. exd4 Ng5 20. Nh4 Rf6 21. Nf5
Ne7 22. h4 Ne6 23. d5 Nxf5 24. e5 Ng3 25. Rxf6 Nxe2+ 26. Qxe2 gxf6 27. dxe6 Qe7
28. Qg4+ Kh8 29. Qf4 Qc5+ 30. Kh1 f5 31. Qxh6+ Kg8 32. Qg5+ Kf8 33. Rd8+ Rxd8
34. Qxd8+ Kg7 35. Qf6+ Kh7 36. Qxf5+ Kg7 37. Qxf7+ Kh6 38. g4 1-0

[Event "Memoria? Zamenhofa"]
[Site "Bialystok"]
[Date "2024.12.28"]
[Round "3.29"]
[White "Polak, Michal"]
[Black "Dylag, Emilia"]
[Result "1-0"]
[WhiteElo "2031"]
[BlackElo "2108"]
[PlyCount "97"]
[EventDate "2024.??.??"]

1. d4 Nf6 2. Nf3 e6 3. g3 d5 4. Bg2 Bd6 5. O-O h6 6. c4 O-O 7. Nc3 Nc6 8. Qc2
dxc4 9. e4 e5 10. dxe5 Nxe5 11. Nxe5 Bxe5 12. Be3 c6 13. Rad1 Qa5 14. f4 Ng4
15. Bc1 Qc5+ 16. Kh1 Bxc3 17. bxc3 b6 18. Qe2 Re8 19. e5 Bf5 20. Qf3 Rad8 21.
Rde1 Rd3 22. Qxc6 Qxc6 23. Bxc6 Rc8 24. Bb7 Rc7 25. Bf3 h5 26. h3 Nh6 27. Kg2
Rxc3 28. Bxh5 Rd7 29. Bf3 Rc2+ 30. Re2 Rxe2+ 31. Bxe2 Be4+ 32. Kf2 b5 33. g4
Kh7 34. Re1 Bc2 35. f5 a5 36. e6 fxe6 37. fxe6 Re7 38. Bg5 Rxe6 39. Bd3+ Bxd3
40. Rxe6 Nf7 41. Bc1 b4 42. Ra6 Nd8 43. Rxa5 Nc6 44. Rd5 Be4 45. Rc5 c3 46. Ke3
Bg2 47. h4 g6 48. a3 bxa3 49. Bxa3 1-0

[Event "Memoria? Zamenhofa"]
[Site "Bialystok"]
[Date "2024.12.28"]
[Round "3.30"]
[White "Trybus, Daniel"]
[Black "Ciszewski, Krzysztof"]
[Result "1-0"]
[WhiteElo "2035"]
[BlackElo "2103"]
[PlyCount "79"]
[EventDate "2024.??.??"]

1. e4 c5 2. Nf3 d6 3. d4 cxd4 4. Nxd4 Nf6 5. Nc3 a6 6. Bc4 e6 7. Bb3 Nbd7 8.
Be3 Nc5 9. f3 Be7 10. Qe2 Qc7 11. g4 b5 12. g5 Nfd7 13. Nf5 b4 14. Bd4 bxc3 15.
Nxg7+ Kd8 16. Nxe6+ fxe6 17. Bxh8 Nxb3 18. axb3 e5 19. O-O-O Bxg5+ 20. Kb1 Qc6
21. Rhg1 Bf4 22. Rd3 cxb2 23. Qe1 Kc7 24. Rg7 Qb6 25. Rc3+ Kb8 26. Rg8 Nc5 27.
b4 Ka7 28. bxc5 Qa5 29. Rg7+ Bb7 30. Rxb7+ Kxb7 31. Rb3+ Qb5 32. Qa5 Rxh8 33.
Rxb5+ axb5 34. Qxb5+ Kc7 35. Qb6+ Kd7 36. Qxd6+ Kc8 37. Qc6+ Kb8 38. Qb6+ Kc8
39. c6 Rd8 40. Qb7# 1-0

[Event "Memoria? Zamenhofa"]
[Site "Bialystok"]
[Date "2024.12.28"]
[Round "3.31"]
[White "Jarzebowski, Kacper"]
[Black "Haladaj, Adam"]
[Result "1-0"]
[WhiteElo "2099"]
[BlackElo "2014"]
[PlyCount "65"]
[EventDate "2024.??.??"]

1. e4 c5 2. Nf3 Nc6 3. Bb5 g6 4. O-O Bg7 5. Re1 e5 6. c3 Nge7 7. d4 cxd4 8.
cxd4 exd4 9. e5 O-O 10. Bf4 Qb6 11. Na3 a6 12. Bf1 d5 13. exd6 Nd5 14. Nc4 Qd8
15. Bg5 Bf6 16. Bh6 Re8 17. Rxe8+ Qxe8 18. Qb3 b5 19. Re1 Be6 20. Ncd2 Ne3 21.
Qa3 Nc2 22. Rxe6 Qxe6 23. Qc5 N6b4 24. a3 Rc8 25. Qb6 Nd5 26. Qxa6 Bg7 27. Ng5
Qd7 28. Bxb5 Qd8 29. Qb7 Nc7 30. Nxf7 Kxf7 31. Bc4+ Ke8 32. Qc6+ Qd7 33. Bf7+
1-0

[Event "Memoria? Zamenhofa"]
[Site "Bialystok"]
[Date "2024.12.28"]
[Round "3.32"]
[White "Lecki, Leonard"]
[Black "Obrycki, Tomasz"]
[Result "0-1"]
[WhiteElo "2091"]
[BlackElo "1984"]
[PlyCount "108"]
[EventDate "2024.??.??"]

1. e4 c6 2. c4 d5 3. exd5 cxd5 4. cxd5 Nf6 5. Qa4+ Nbd7 6. Nc3 g6 7. Bc4 Bg7 8.
d3 O-O 9. Nf3 a6 10. Qa3 b6 11. O-O Bb7 12. Be3 Re8 13. Bb3 b5 14. Qb4 Bf8 15.
Qf4 Bg7 16. a4 Nh5 17. Qb4 a5 18. Qh4 b4 19. Ne4 Nhf6 20. d6 e6 21. Bg5 h6 22.
Nxf6+ Nxf6 23. Bxf6 Bxf6 24. Qf4 Bxf3 25. Qxf3 Bxb2 26. Ra2 Bc3 27. Qf4 Kg7 28.
Bc4 Qf6 29. Qxf6+ Kxf6 30. d7 Red8 31. Bb5 Ra7 32. Rd1 Raxd7 33. Bxd7 Rxd7 34.
Kf1 Ke5 35. Re2+ Kd5 36. Re4 Bd4 37. Rc1 b3 38. Rc4 e5 39. Re1 Rb7 40. Rc8 b2
41. Rb1 Rb4 42. Rd8+ Kc5 43. Rc8+ Kd6 44. Rc2 Rxa4 45. Rcxb2 Bxb2 46. Rxb2 Rb4
47. Ra2 a4 48. Ke2 Kc5 49. Ke3 Kb5 50. Kd2 Rb3 51. Rc2 a3 52. Rc7 Rb2+ 53. Ke3
a2 54. Ra7 Kb4 0-1

[Event "Memoria? Zamenhofa"]
[Site "Bialystok"]
[Date "2024.12.28"]
[Round "3.34"]
[White "Sliwicki, Damian"]
[Black "Tokarz, Izabela"]
[Result "1-0"]
[WhiteElo "2172"]
[BlackElo "2085"]
[PlyCount "65"]
[EventDate "2024.??.??"]

1. e4 d5 2. exd5 Qxd5 3. Nc3 Qd6 4. d4 Nf6 5. Nf3 a6 6. Be2 Nc6 7. O-O Bg4 8.
Be3 e6 9. Qd2 h6 10. Rad1 O-O-O 11. a3 g5 12. b4 Nd5 13. Nxd5 exd5 14. c4 dxc4
15. Qc2 f5 16. d5 Nb8 17. Bc5 Qf4 18. Rd4 Bxf3 19. Rxf4 Bxe2 20. Qxe2 gxf4 21.
Qxc4 Bd6 22. Rc1 Rh7 23. f3 h5 24. a4 Rg7 25. b5 axb5 26. axb5 Bxc5+ 27. Qxc5
Rdg8 28. Rc2 b6 29. Qd4 Kb7 30. Qxf4 Rf7 31. d6 cxd6 32. Qc4 Rgf8 33. Qd5+ 1-0

[Event "Memoria? Zamenhofa"]
[Site "Bialystok"]
[Date "2024.12.28"]
[Round "3.35"]
[White "Przybylski, Jan"]
[Black "Leskiewicz, Ignacy"]
[Result "1-0"]
[WhiteElo "1987"]
[BlackElo "2157"]
[PlyCount "100"]
[EventDate "2024.??.??"]

1. e4 d6 2. d4 Nf6 3. Nc3 e5 4. Nf3 Nbd7 5. Bg5 c6 6. Qd2 Qc7 7. h3 Be7 8. d5
a6 9. a4 cxd5 10. exd5 b6 11. Bd3 h6 12. Bxf6 Nxf6 13. Qe2 Bb7 14. Bc4 O-O 15.
O-O Qc5 16. Nd2 Rfc8 17. Qd3 Bf8 18. Bb3 Qd4 19. Qe3 Re8 20. Rfe1 Rac8 21. Nde4
Nxe4 22. Qxd4 exd4 23. Nxe4 f5 24. Ng3 g6 25. Ne2 d3 26. cxd3 Bg7 27. Nf4 Bxb2
28. Rxe8+ Rxe8 29. Rb1 Bc3 30. Ne6 b5 31. axb5 axb5 32. Nc7 Re2 33. Nxb5 Bf6
34. Nxd6 Ba6 35. Nc4 Bd4 36. d6 Kf8 37. Ba4 Rxf2 38. Rb8+ Kf7 39. Kh2 Bxc4 40.
dxc4 Be5+ 41. Kg1 Rd2 42. Rb7+ Ke6 43. d7 Bg3 44. Rb2 Rd4 45. Re2+ Kf7 46. Re8
Bc7 47. Bc6 Rd2 48. Bd5+ Kf6 49. d8=Q+ Bxd8 50. Rxd8 Ke5 1-0

[Event "Memoria? Zamenhofa"]
[Site "Bialystok"]
[Date "2024.12.28"]
[Round "4.1"]
[White "Pidluznij, Gleb"]
[Black "Malek, Jan"]
[Result "1/2-1/2"]
[WhiteElo "2422"]
[BlackElo "2498"]
[PlyCount "122"]
[EventDate "2024.??.??"]

1. d4 Nf6 2. c4 e6 3. Bf4 d5 4. cxd5 exd5 5. e3 Bd6 6. Bxd6 Qxd6 7. Bd3 O-O 8.
Nc3 Re8 9. h3 Nc6 10. Nf3 Ne7 11. Qc2 a6 12. O-O-O b5 13. g4 Nc6 14. Qe2 Bb7
15. Kb1 Nb4 16. g5 Ne4 17. Bxe4 dxe4 18. Nd2 c5 19. dxc5 Qxc5 20. a3 Nd5 21.
Ncxe4 Qb6 22. Rhe1 a5 23. f3 Rac8 24. Rc1 Rxc1+ 25. Rxc1 Kf8 26. Rc5 Nc7 27.
Qd3 Bxe4 28. Nxe4 Rxe4 29. Rxc7 Qxc7 30. Qxe4 Qd7 31. Qa8+ Ke7 32. Qe4+ Kf8 33.
h4 a4 34. Kc2 h6 35. gxh6 gxh6 36. Kc3 Qd1 37. Qb4+ Kg8 38. Qxb5 Qe1+ 39. Kd4
Qxh4+ 40. f4 Qf2 41. Qxa4 Qxb2+ 42. Kd3 Qc1 43. Ke2 h5 44. Qe8+ Kg7 45. Qe5+ f6
46. Qxh5 Qxa3 47. f5 Qa2+ 48. Kf3 Qd5+ 49. Kg3 Qd6+ 50. Kh3 Qe5 51. Qg4+ Kf8
52. Qb4+ Kg7 53. e4 Qa1 54. Qe7+ Kh6 55. Kg3 Qd4 56. Qf8+ Kh7 57. Qf7+ Kh8 58.
Qe8+ Kg7 59. Qe7+ Kh6 60. Kg4 Qd1+ 61. Kg3 Qd4 1/2-1/2

[Event "Memoria? Zamenhofa"]
[Site "Bialystok"]
[Date "2024.12.28"]
[Round "4.2"]
[White "Lewtak, Damian"]
[Black "Sowinski, Pawel"]
[Result "1-0"]
[WhiteElo "2359"]
[BlackElo "2435"]
[PlyCount "101"]
[EventDate "2024.??.??"]

1. e4 c5 2. Nf3 e6 3. d4 cxd4 4. Nxd4 Nc6 5. Nc3 Qc7 6. Be3 a6 7. a3 Nf6 8. f4
d6 9. Qf3 Bd7 10. Be2 Be7 11. g4 Nxd4 12. Bxd4 e5 13. fxe5 dxe5 14. Qg3 Bd6 15.
Be3 Bc6 16. Qg2 O-O 17. h4 Nd7 18. g5 Bc5 19. Bd2 Bd4 20. h5 Nc5 21. Rh4 f5 22.
gxf6 Rxf6 23. O-O-O Qf7 24. Qh3 Rf8 25. h6 g6 26. Nd5 Bxd5 27. exd5 Rf2 28. Qg4
Qxd5 29. Kb1 b5 30. c4 bxc4 31. Be3 c3 32. Bxd4 exd4 33. Rxd4 Rf1+ 34. Bd1 c2+
35. Kxc2 Qb3+ 36. Kc1 Nd3+ 37. Rxd3 Qxd3 38. Qe6+ Kh8 39. Qe5+ R1f6 40. Qc7
Qe3+ 41. Kb1 R6f7 42. Qc6 Qe5 43. Ka2 Qf6 44. Qc4 g5 45. Rh3 a5 46. Rf3 Qe7 47.
Qd4+ Rf6 48. Bb3 g4 49. Rf4 g3 50. Rg4 Qd6 51. Qa7 1-0

[Event "Memoria? Zamenhofa"]
[Site "Bialystok"]
[Date "2024.12.28"]
[Round "4.3"]
[White "Klimkowski, Jan"]
[Black "Szewczyk, Mariusz"]
[Result "1-0"]
[WhiteElo "2504"]
[BlackElo "2171"]
[PlyCount "63"]
[EventDate "2024.??.??"]

1. e4 e5 2. Nf3 Nc6 3. Bc4 Bc5 4. d3 Nf6 5. Bg5 d6 6. c3 Bb6 7. Nbd2 Qe7 8. O-O
h6 9. Bh4 g5 10. Bg3 Bg4 11. a4 Nh5 12. Kh1 a6 13. b4 Nf4 14. Bxf4 gxf4 15. a5
Ba7 16. b5 axb5 17. Bxb5 Bd7 18. a6 b6 19. d4 O-O-O 20. Qb3 Nb8 21. Bxd7+ Rxd7
22. Nc4 exd4 23. Nxd4 Qxe4 24. Rfe1 Qg6 25. Qb5 Rg8 26. Qd5 b5 27. Nxb5 c6 28.
Nbxd6+ Kd8 29. Qa5+ Rc7 30. Nxf7+ Qxf7 31. Rad1+ Nd7 32. Ne5 1-0

[Event "Memoria? Zamenhofa"]
[Site "Bialystok"]
[Date "2024.12.28"]
[Round "4.4"]
[White "Karut, Kacper"]
[Black "Kokoszczynski, Jan"]
[Result "0-1"]
[WhiteElo "2115"]
[BlackElo "2307"]
[PlyCount "32"]
[EventDate "2024.??.??"]

1. e4 c6 2. d4 d5 3. Nc3 dxe4 4. Nxe4 Nf6 5. Nxf6+ exf6 6. c3 Bd6 7. Bd3 O-O 8.
Qc2 Re8+ 9. Ne2 h5 10. O-O h4 11. g3 Bh3 12. Re1 Bxg3 13. fxg3 Qd5 14. Nf4 Qh1+
15. Kxh1 Rxe1+ 16. Bf1 Rxf1# 0-1

[Event "Memoria? Zamenhofa"]
[Site "Bialystok"]
[Date "2024.12.28"]
[Round "4.5"]
[White "Krol, Jan"]
[Black "Rudolf, Michal"]
[Result "1/2-1/2"]
[WhiteElo "2067"]
[BlackElo "2284"]
[PlyCount "64"]
[EventDate "2024.??.??"]

1. e4 e6 2. d4 d5 3. e5 c5 4. c3 Nc6 5. Nf3 Qb6 6. Be2 cxd4 7. cxd4 Nh6 8. Na3
Bxa3 9. bxa3 Nf5 10. Be3 Qa5+ 11. Qd2 Qxa3 12. O-O O-O 13. Bd3 Nxe3 14. Qxe3
Qe7 15. Ng5 g6 16. f4 f6 17. Nf3 f5 18. h3 Bd7 19. g4 h6 20. Rf2 Kh8 21. Rg2
Rf7 22. Kh2 Rg8 23. Rag1 Rfg7 24. Qf2 Be8 25. Bb5 a6 26. Bxc6 Bxc6 27. Qb2 Kh7
28. Rc1 Rf8 29. g5 h5 30. Rgc2 Rc8 31. Nd2 Rgg8 32. Nb3 Rc7 1/2-1/2

[Event "Memoria? Zamenhofa"]
[Site "Bialystok"]
[Date "2024.12.28"]
[Round "4.6"]
[White "Szostko, Jakub"]
[Black "Quparadze, Giga"]
[Result "0-1"]
[WhiteElo "2220"]
[BlackElo "2537"]
[PlyCount "94"]
[EventDate "2024.??.??"]

1. e4 c5 2. Nf3 e6 3. d4 cxd4 4. Nxd4 Nc6 5. Nc3 Qc7 6. Be3 a6 7. Qf3 Nf6 8.
O-O-O h5 9. Nxc6 dxc6 10. h3 b5 11. e5 Nd5 12. Bf4 Qa5 13. Bd3 Bb7 14. Nxd5
cxd5 15. Kb1 O-O-O 16. g4 hxg4 17. hxg4 Bc5 18. Bg5 Rxh1 19. Qxh1 Rf8 20. Bd2
Qc7 21. f4 d4 22. Be4 Bxe4 23. Qxe4 Qb7 24. Qxb7+ Kxb7 25. b4 Bb6 26. Be1 Rc8
27. Rd3 Kc6 28. g5 g6 29. Kb2 Kd5 30. Kb3 Ke4 31. Bd2 Rh8 32. Kb2 Rh2 33. Bc1
a5 34. a3 a4 35. Kb1 Rh1 36. Kb2 Rf1 37. Rh3 Rf3 38. Rh7 d3 39. cxd3+ Kxd3 40.
Rxf7 Bd4+ 41. Kb1 Rf1 42. Rd7 Kc3 43. Rc7+ Kb3 44. Rc2 Be3 45. f5 Bxc1 46. Rxc1
Rxf5 47. Rc5 Rf1+ 0-1

[Event "Memoria? Zamenhofa"]
[Site "Bialystok"]
[Date "2024.12.28"]
[Round "4.7"]
[White "Jakubowski, Krzysztof"]
[Black "Kaganskiy, Gleb"]
[Result "1-0"]
[WhiteElo "2442"]
[BlackElo "2219"]
[PlyCount "77"]
[EventDate "2024.??.??"]

1. e4 c5 2. d3 Nc6 3. f4 g6 4. Nf3 Bg7 5. Be2 d6 6. O-O e6 7. c3 Nge7 8. Be3
O-O 9. Nbd2 Rb8 10. d4 b6 11. a3 a5 12. Qe1 f5 13. Bb5 Bd7 14. dxc5 bxc5 15. a4
Qc7 16. Rd1 fxe4 17. Nxe4 Nd5 18. Bc1 Rbe8 19. c4 Nd4 20. Nxd4 Bxd4+ 21. Kh1
Nb4 22. b3 Bc6 23. Ng5 Qe7 24. Nf3 Bxf3 25. Rxf3 Rd8 26. Qe2 e5 27. Re1 Qh4 28.
g3 Qh5 29. Ref1 Kg7 30. Bb2 Rf5 31. Bc1 Rdf8 32. g4 Qxg4 33. Bd7 Qh5 34. Bxf5
Rxf5 35. Qg2 Rf7 36. f5 Qh4 37. fxg6 Rxf3 38. Qxf3 Qe7 39. Qf7+ 1-0

[Event "Memoria? Zamenhofa"]
[Site "Bialystok"]
[Date "2024.12.28"]
[Round "4.8"]
[White "Rudzinska, Michalina"]
[Black "Cukrowski, Filip"]
[Result "1/2-1/2"]
[WhiteElo "2210"]
[BlackElo "2403"]
[PlyCount "94"]
[EventDate "2024.??.??"]

1. e4 c5 2. Nf3 d6 3. d4 cxd4 4. Nxd4 Nf6 5. Nc3 a6 6. Be2 e5 7. Nb3 Be7 8. Be3
O-O 9. g4 Be6 10. g5 Nfd7 11. Qd2 Nb6 12. Nd5 Nxd5 13. exd5 Bf5 14. O-O-O a5
15. Kb1 Nd7 16. Rhg1 a4 17. Nc1 Ra5 18. Qb4 Nc5 19. Bxc5 dxc5 20. Qd2 Bd6 21.
Bg4 Bg6 22. h4 c4 23. h5 c3 24. bxc3 Be4 25. Ka1 Qc7 26. g6 Rxd5 27. Nd3 f5 28.
gxh7+ Kxh7 29. Be2 Rc8 30. Qg5 Bxd3 31. Rxd3 e4 32. Qxg7+ Qxg7 33. Rxg7+ Kxg7
34. Rxd5 Ba3 35. Rxf5 Rxc3 36. Bd1 Be7 37. Kb2 Rh3 38. Kc1 Ba3+ 39. Kb1 Rh1 40.
Rd5 Rf1 41. Rd2 Kh6 42. c3 Bc5 43. Kb2 a3+ 44. Kb3 b6 45. Bc2 Rxf2 46. Rxf2
Bxf2 47. Bxe4 Bc5 1/2-1/2

[Event "Memoria? Zamenhofa"]
[Site "Bialystok"]
[Date "2024.12.28"]
[Round "4.9"]
[White "Levi, Netanel"]
[Black "Mulawa, Cyprian"]
[Result "1/2-1/2"]
[WhiteElo "2193"]
[BlackElo "2353"]
[PlyCount "125"]
[EventDate "2024.??.??"]

1. e4 e6 2. d4 d5 3. e5 c5 4. c3 Nc6 5. Nf3 Qb6 6. Bd3 cxd4 7. O-O Bd7 8. Re1
Rc8 9. Nbd2 dxc3 10. bxc3 Nge7 11. h4 Qc7 12. h5 h6 13. Bb2 Na5 14. a4 Nec6 15.
Rc1 Be7 16. Qe2 Qb6 17. Rb1 Qd8 18. Qe3 Bg5 19. Nxg5 Qxg5 20. Qe2 O-O 21. Ba3
Rfe8 22. Bc1 Qh4 23. g3 Qxa4 24. Bb2 Qa2 25. Rec1 Ne7 26. Rc2 d4 27. c4 Qa4 28.
Ra1 Qb4 29. Ba3 Qb6 30. Bxe7 Rxe7 31. Qe4 f5 32. exf6 gxf6 33. Qg6+ Rg7 34.
Qxh6 f5 35. Nf3 Nc6 36. Re2 Rf8 37. Qf4 Qd8 38. Rae1 Qf6 39. Qd6 f4 40. Rxe6
Bxe6 41. Rxe6 Qd8 42. h6 Qxd6 43. Rxd6 fxg3 44. hxg7 Rxf3 45. Be4 gxf2+ 46. Kf1
Rf4 47. Bxc6 bxc6 48. Rxc6 Kxg7 49. Rc7+ Rf7 50. Rc5 Kf8 51. Rd5 Rf4 52. c5 Ke7
53. c6 Rf6 54. Rd7+ Ke8 55. Rxa7 Rxc6 56. Kxf2 Rd6 57. Ke2 Kd8 58. Kd3 Kc8 59.
Ra4 Rh6 60. Rc4+ Kd7 61. Rxd4+ Rd6 62. Ke4 Rxd4+ 63. Kxd4 1/2-1/2

[Event "Memoria? Zamenhofa"]
[Site "Bialystok"]
[Date "2024.12.28"]
[Round "4.10"]
[White "Terkiewicz, Bruno"]
[Black "Karolczuk, Iwo"]
[Result "0-1"]
[WhiteElo "2159"]
[BlackElo "2349"]
[PlyCount "98"]
[EventDate "2024.??.??"]

1. d4 Nf6 2. c4 e6 3. g3 c5 4. d5 exd5 5. cxd5 d6 6. Nf3 g6 7. a4 Bg7 8. Bg2
O-O 9. Nfd2 Nbd7 10. O-O Re8 11. Na3 b6 12. h3 a6 13. Ndc4 Qc7 14. Bf4 Bf8 15.
Rc1 Rb8 16. b4 Nh5 17. Bd2 cxb4 18. Bxb4 Nc5 19. a5 b5 20. Nb6 Rxb6 21. axb6
Qxb6 22. Kh2 a5 23. Bc3 Bg7 24. Bxg7 Nxg7 25. e4 Ba6 26. Re1 b4 27. Nc4 Bxc4
28. Rxc4 Nd7 29. f4 b3 30. Rc6 Qb4 31. Bf1 Nc5 32. e5 b2 33. Rxd6 Nf5 34. Rc6
Nd4 35. Bg2 Nxc6 36. dxc6 Ne6 37. Rf1 Rb8 38. Qb1 Qc4 39. Rd1 a4 40. f5 gxf5
41. Qxf5 a3 42. Rd7 Rf8 43. c7 Ng7 44. Qb1 Qc1 45. Be4 Ne6 46. Bxh7+ Kg7 47.
Qf5 a2 48. Qxe6 Qd2+ 49. Rxd2 fxe6 0-1

[Event "Memoria? Zamenhofa"]
[Site "Bialystok"]
[Date "2024.12.28"]
[Round "4.11"]
[White "Kirtadze, Anastasia"]
[Black "Janeczko, Jakub"]
[Result "1/2-1/2"]
[WhiteElo "2047"]
[BlackElo "2326"]
[PlyCount "81"]
[EventDate "2024.??.??"]

1. e4 Nf6 2. e5 Nd5 3. d4 d6 4. Nf3 dxe5 5. dxe5 Bg4 6. h3 Bh5 7. Be2 Nc6 8.
O-O e6 9. c4 Nb6 10. g4 Qxd1 11. Rxd1 Bg6 12. Nc3 a6 13. Be3 Nd7 14. Bf4 Bb4
15. Rac1 O-O-O 16. Bg5 Be7 17. Bf4 Nc5 18. Ne1 Nd4 19. Kf1 Nxe2 20. Kxe2 h5 21.
b4 Ne4 22. Nxe4 Bxe4 23. a3 hxg4 24. hxg4 c5 25. b5 axb5 26. cxb5 b6 27. f3 Bd5
28. Ng2 Rh3 29. Rd3 Kb7 30. Rcc3 Ra8 31. Bc1 Ra5 32. Nf4 Rh2+ 33. Kd1 Bg5 34.
Nxd5 Rh1+ 35. Ke2 Rxc1 36. Rxc1 Bxc1 37. Nc3 Kc7 38. Ne4 Bf4 39. Nd6 c4 40.
Ne8+ Kc8 41. Nd6+ 1/2-1/2

[Event "Memoria? Zamenhofa"]
[Site "Bialystok"]
[Date "2024.12.28"]
[Round "4.12"]
[White "Malisauskas, Vidmantas"]
[Black "Kotarski, Bartosz"]
[Result "1-0"]
[WhiteElo "2315"]
[BlackElo "1968"]
[PlyCount "106"]
[EventDate "2024.??.??"]

1. d4 Nf6 2. c4 g6 3. Nc3 d5 4. cxd5 Nxd5 5. e4 Nxc3 6. bxc3 Bg7 7. Bc4 c5 8.
Ne2 Nc6 9. Be3 cxd4 10. cxd4 Qa5+ 11. Kf1 O-O 12. Rc1 Qa3 13. Qd2 Rd8 14. h4 h5
15. d5 Ne5 16. Bb3 Qd6 17. f4 Ng4 18. e5 Qa6 19. Bd4 e6 20. d6 Bd7 21. Rh3 Bc6
22. Rc5 b5 23. Qc2 Bd7 24. Rhc3 Nh6 25. Rc7 Nf5 26. Bf2 b4 27. R3c5 Bb5 28. Bc4
Bxc4 29. Qxc4 Qa3 30. Qb3 Qxb3 31. axb3 a5 32. Nd4 Nxd6 33. exd6 Rxd6 34. Rc8+
Rxc8 35. Rxc8+ Kh7 36. Nf3 f6 37. Ra8 Rd3 38. Nd4 e5 39. Ke2 Rc3 40. Be1 Rc1
41. Ne6 Bh6 42. fxe5 fxe5 43. Ng5+ Kg7 44. Rxa5 Rb1 45. Bxb4 Bxg5 46. hxg5 Rxb3
47. Bd2 Rg3 48. Kf2 Rd3 49. Be3 Kf7 50. Rxe5 Ra3 51. Rb5 Ra4 52. Rb7+ Ke6 53.
Kf3 Kd5 1-0

[Event "Memoria? Zamenhofa"]
[Site "Bialystok"]
[Date "2024.12.28"]
[Round "4.13"]
[White "Kulig, Pawel"]
[Black "Radzimski, Antoni"]
[Result "1-0"]
[WhiteElo "2033"]
[BlackElo "2290"]
[PlyCount "55"]
[EventDate "2024.??.??"]

1. e4 e5 2. Nf3 Nc6 3. Bb5 a6 4. Ba4 Nf6 5. O-O b5 6. Bb3 Bb7 7. Re1 Bc5 8. c3
d6 9. d4 Bb6 10. Bg5 O-O 11. Bd5 Re8 12. Nbd2 h6 13. Bh4 exd4 14. cxd4 g5 15.
Nxg5 hxg5 16. Bxg5 Bxd4 17. Nf3 Bxb2 18. Rb1 Bc3 19. Re3 b4 20. Nh4 Be5 21. Nf5
Nxd5 22. Bxd8 Nxe3 23. fxe3 Raxd8 24. Qh5 Rd7 25. Qg4+ Kf8 26. Nh6 Nb8 27. Rxb4
c5 28. Rxb7 1-0

[Event "Memoria? Zamenhofa"]
[Site "Bialystok"]
[Date "2024.12.28"]
[Round "4.14"]
[White "Woznicki, Tomasz"]
[Black "Morchiashvili, Bachana"]
[Result "1-0"]
[WhiteElo "1987"]
[BlackElo "2265"]
[PlyCount "97"]
[EventDate "2024.??.??"]

1. e4 c5 2. Nf3 e6 3. g3 Nc6 4. Bg2 Nf6 5. Qe2 d6 6. O-O Be7 7. c3 O-O 8. d4
cxd4 9. cxd4 d5 10. exd5 exd5 11. Nc3 Bg4 12. Be3 Qd7 13. Qd2 Bh3 14. Ne5 Qf5
15. Nxc6 bxc6 16. Rfe1 Bxg2 17. Kxg2 Ne4 18. Nxe4 dxe4 19. Rac1 Rab8 20. Qe2
Rb6 21. d5 c5 22. Bxc5 Rh6 23. h4 Bxc5 24. Rxc5 Re8 25. Qe3 Ra6 26. a3 h6 27.
Qf4 Qxf4 28. gxf4 Rg6+ 29. Kh3 Rf6 30. f3 Rb8 31. fxe4 Rxb2 32. Re3 Rxf4 33. d6
Rd2 34. Kg3 Rf6 35. e5 Re6 36. Kf4 g5+ 37. hxg5 hxg5+ 38. Kxg5 Kg7 39. Kf5 Rf2+
40. Ke4 Rd2 41. Rg3+ Kh6 42. Rd5 Re2+ 43. Re3 Rxe3+ 44. Kxe3 Re8 45. Kf4 Kg6
46. d7 Rd8 47. Rd6+ Kg7 48. Kf5 a5 49. a4 1-0